000 00583nam a22002177a 4500
003 UA-OsUOA
001 93651
007 ta
008 20130124b un ||||| |||| 00| 0 ukr d
100 _aАфанасьева О.В.
090 _a101
_bА94
942 _cSA
040 _aUA-OsUOA
_brus
_cUA-OsUOA
_dUA-OsUOA
245 _aОткрытое общество и его риски. Перечитывая карла Поппера
300 _aС.43-54
955 _a0
041 _arus
080 _a101
773 0 _w93650
650 7 _a1 Філософські науки
_2UDC
999 _c379895
_d379895